00715nam a2200217Ii 45000010005000000030009000050080041000140400033000550410008000880820013000961000023001092450037001322640036001693000012002053360026002173370028002433380027002719400050002989990017003489520132003653508CO-ViMGA241108s9999||||xx |||||||||||||| ||und|| aCO-ViMGAbspaerdacCO-ViMGA0 aspa04a330 H6311 aJ. R. Hicks94815210aEnsayos sobre economía mundial 1aMadrid, España : Tecnos, 1966 avolumen atextbtxt2rdacontent aunmediatedbn2rdamedia avolumebnc2rdacarrier aidficha_siabuc: 3422. -- ficha_no_siabuc:3508 c42793d42793 001040708001aMEVIGERRbMEVIGERRcGENd2006-11-27o330 H631pECA2028r2024-11-26 09:06:45tEj.1w2024-11-26yBKz3422 | 5048